01758nas a2200241Ia 4500001001100000003001000011008004100021040002500062041001300087100002000100210001300120222001300133245005800146250001100204260008200215300001200297310001200309362003700321500051100358501011400869520051100983650002201494R900-R9188IT-CnALBA170116c99999999xx |||||||||||| ||und|| aIT-CnALBAcIT-CnALBA aITALIANO aGREGORIO ORESTE aHISTORIA aHISTORIA 0aHISTORIA. AGOSTO 1978. RIVISTA DI STORIA ILLUSTRATA.  a1a ed. aMILANObDEL DUCA CINO EDITORE c1978 [1° Ed.:1978 - Ed.Ling.Originale: 1978] a116 p.  aMENSILE aFascicolo: 246 / Anno: 22 (1978) aLA CADUTA DELLE AQUILE. 1918. ANNO TRAGICO E SPLENDIDO, RIEVOCAZIONE TELEVISIVA. I SOVRANI DI AUSTRIA GERMANIA E RUSSIA, SIMBOLI DI DECLINO, FRANCESCO GIUSEPPE, GUGLIELMO II, NICOLA II. TRISTAN BARNARD, NOME DI UN CAVALLO, FRUSTA PER LA SOCIETÀ DEL TEMPO. FERDINANDO RUSSO, POETA NAPOLETANO, SCALERA E. INVASIONE DI PRAGA DEI CARRI ARMATI DEL PATTO DI VARSAVIA, AROLDI E. RELIGIONE PRESSO I GRECI, IN PRINCIPIO ERA IL CAOS, D'ERRICO N. MUSEO DI ROMA. LA FABBRICA DELLE NOSTALGIE. DIZIONARIO NOMI PROPRI.  aSocietà San Paolo EM - Piazza San Paolo, 14 - 12051 ALBA (CN) (non commercial uses only) ® Copyright 2017 aLA CADUTA DELLE AQUILE. 1918. ANNO TRAGICO E SPLENDIDO, RIEVOCAZIONE TELEVISIVA. I SOVRANI DI AUSTRIA GERMANIA E RUSSIA, SIMBOLI DI DECLINO, FRANCESCO GIUSEPPE, GUGLIELMO II, NICOLA II. TRISTAN BARNARD, NOME DI UN CAVALLO, FRUSTA PER LA SOCIETÀ DEL TEMPO. FERDINANDO RUSSO, POETA NAPOLETANO, SCALERA E. INVASIONE DI PRAGA DEI CARRI ARMATI DEL PATTO DI VARSAVIA, AROLDI E. RELIGIONE PRESSO I GRECI, IN PRINCIPIO ERA IL CAOS, D'ERRICO N. MUSEO DI ROMA. LA FABBRICA DELLE NOSTALGIE. DIZIONARIO NOMI PROPRI.  aSTORIA UNIVERSALE